000 01097cas a2200349 a 4500
001 11456884
005 20180125034038.0
008 950206c19959999ctuhr 0 a0eng c
010 _a 95652989
_zsn 95007297
022 0 _a1080-9465
_21
035 _a(OCoLC)ocm31944424
037 _bAppleton & Lange, 25 Van Zant St., P.O. Box 5630, Norwalk, CT 06856
_c$26.00
040 _aNSD
_beng
_cNSD
_dDLC
_dOCLCQ
_dCUS
_dTULIB
_dIUL
_dOCLCF
_dOCLCO
_dOCLCQ
_dGZW
_dOCLCQ
_dCSA
041 _aeng
042 _ansdp
_apcc
043 _an-us---
080 _a362.0973 tho
082 0 0 _a362.0973 tho
_220
100 _a3
101 _ashm
210 0 _aUnderst. health policy
222 0 _aUnderstanding health policy
245 0 0 _aUnderstanding health policy :
310 _aTriennial
362 0 _a1st ed.-
590 _aSERBIB/SERLOC merged record
776 0 8 _iOnline version:
_tUnderstanding health policy (Online)
_w(OCoLC)252328404
906 _a7
_bcbc
_cserials
_du
_encip
_f19
_gn-oclcserc
942 _2ddc
_cBK
999 _c40892
_d40892